000 01040nam a2200277 a 4500
001 000006595
005 20200929153946.0
008 090901s2008 dr a f000 0 spa d
020 _z9789945436297
040 _aDO-SdBNP
_bspa
_cBNPHU
082 _a618.3
_bR426g
110 1 _aRepública Dominicana
_bSecretaría de Salud Pública y Asistencia Social
_91405
245 1 0 _aGuías de atención a las principales urgencias obstétricas /
_cpresentación Bautista Rojas Gómez.
260 _aSanto Domingo :
_bSESPAS,
_c2008.
300 _a149 p. :
_bil. ;
_c22 cm.
490 1 _aGuías materno-infantiles
_v1
500 _aBibliografía : p. 141-142
590 _aInventariado, 2018/DG
650 4 _aUrgencias en obstetricia
_918300
650 4 _aComplicaciones del embarazo
_910849
650 4 _aComplicaciones del parto
_918301
650 4 _aSalud pública
_zRepública Dominicana
_xNormas
_91409
700 1 2 _aRojas Gómez, Bautista
_91410
830 0 _aGuías materno-infantiles
_v1
_918302
910 _aValidado. Control de calidad MFF
999 _c6386
_d6386